000 00312nam a22001337a 4500
008 180822b xxu||||| |||| 00| 0 eng d
020 _a0962424668
041 _aeng
080 _a616.6
100 _a5
101 _aNEU
245 _aSPINAL INSTRUMENTATION NEUROSURGICAL TOPICS
_cBENZEL,E,C
942 _2udc
_cBK
999 _c47244
_d47244